<?xml version="1.0" encoding="UTF-8"?>
<record
    xmlns:xsi="http://www.w3.org/2001/XMLSchema-instance"
    xsi:schemaLocation="http://www.loc.gov/MARC21/slim http://www.loc.gov/standards/marcxml/schema/MARC21slim.xsd"
    xmlns="http://www.loc.gov/MARC21/slim">

  <leader>01147nam a22002655i 4500</leader>
  <controlfield tag="001">53545</controlfield>
  <controlfield tag="003">ES-MaACL</controlfield>
  <controlfield tag="005">20251118153330.0</controlfield>
  <controlfield tag="007">t|</controlfield>
  <controlfield tag="008">960701s1897    sp a         ||||1| spa d</controlfield>
  <datafield tag="040" ind1=" " ind2=" ">
    <subfield code="a">CAM </subfield>
    <subfield code="b">spa </subfield>
    <subfield code="c">CAM</subfield>
  </datafield>
  <datafield tag="080" ind1=" " ind2=" ">
    <subfield code="a">821.134.2-32"18"</subfield>
  </datafield>
  <datafield tag="100" ind1="1" ind2=" ">
    <subfield code="a">Fabra, Nilo Mar&#xED;a,</subfield>
    <subfield code="d">1841-1903</subfield>
    <subfield code="9">48523</subfield>
  </datafield>
  <datafield tag="245" ind1="1" ind2="0">
    <subfield code="a">Presente y futuro </subfield>
    <subfield code="b">: nuevos cuentos / </subfield>
    <subfield code="c">Nilo Mar&#xED;a Fabra ; ilustraciones de M&#xE9;ndez Bringa, A. de Caula y B. Gili y Roig.</subfield>
  </datafield>
  <datafield tag="260" ind1=" " ind2=" ">
    <subfield code="a">Barcelona : </subfield>
    <subfield code="b">Juan Gili librero, </subfield>
    <subfield code="c">1897 (</subfield>
    <subfield code="f">establecimiento tipo-litrogr&#xE1;fico de Espasa y compa&#xF1;&#xED;a)</subfield>
  </datafield>
  <datafield tag="300" ind1=" " ind2=" ">
    <subfield code="a">188, [1] p. : </subfield>
    <subfield code="b">il. ; </subfield>
    <subfield code="c">19 cm.</subfield>
  </datafield>
  <datafield tag="490" ind1="1" ind2=" ">
    <subfield code="a">Colecci&#xF3;n Elzevir ilustrada ; </subfield>
    <subfield code="v">4</subfield>
  </datafield>
  <datafield tag="505" ind1="8" ind2=" ">
    <subfield code="a">Contiene: La guerra de Espa&#xF1;a con los Estados Unidos ; Recuerdos de otra vida ; El futuro ayuntamiento de Madrid ; Teit&#xE1;n el soberano ; El premio grande</subfield>
  </datafield>
  <datafield tag="700" ind1="1" ind2=" ">
    <subfield code="a">M&#xE9;ndez Bringa, Narciso, </subfield>
    <subfield code="d">1868-1933</subfield>
    <subfield code="9">153339</subfield>
  </datafield>
  <datafield tag="700" ind1="1" ind2=" ">
    <subfield code="a">Caula y Cornejo, Antonio, </subfield>
    <subfield code="d">n. 1847</subfield>
    <subfield code="9">37108</subfield>
  </datafield>
  <datafield tag="700" ind1="1" ind2=" ">
    <subfield code="a">Gili i Roig, Baldomer, </subfield>
    <subfield code="d">1873-1927</subfield>
    <subfield code="9">153340</subfield>
  </datafield>
  <datafield tag="830" ind1="0" ind2=" ">
    <subfield code="a">Colecci&#xF3;n Elzevir ilustrada ; </subfield>
    <subfield code="v">4</subfield>
    <subfield code="9">182446</subfield>
  </datafield>
  <datafield tag="852" ind1=" " ind2=" ">
    <subfield code="a">ES-MaACL</subfield>
    <subfield code="j">D-2340</subfield>
  </datafield>
  <datafield tag="999" ind1=" " ind2=" ">
    <subfield code="c">53545</subfield>
    <subfield code="d">53545</subfield>
  </datafield>
  <datafield tag="952" ind1=" " ind2=" ">
    <subfield code="0">0</subfield>
    <subfield code="1">0</subfield>
    <subfield code="4">0</subfield>
    <subfield code="7">0</subfield>
    <subfield code="8">LIBXIX</subfield>
    <subfield code="a">ATENEOM</subfield>
    <subfield code="b">ATENEOM</subfield>
    <subfield code="c">SVI</subfield>
    <subfield code="d">2008-01-17</subfield>
    <subfield code="e">SC</subfield>
    <subfield code="l">0</subfield>
    <subfield code="o">D-2340</subfield>
    <subfield code="p">901056266</subfield>
    <subfield code="r">2023-02-23 00:00:00</subfield>
    <subfield code="w">2023-02-23</subfield>
    <subfield code="y">MONANT</subfield>
  </datafield>
</record>
